00990nam a2200313 i 450000500170000000700030001700800410002002000150006104000350007604100080011104300120011908200210013110000260015224501050017825000220028326400380030530000470034333600270039033700330041733800280045053400100047865000170048865000230050565000210052865000450054970000550059494200120064999900150066120220317000106.0ta200425s2005 sp a gr 000 0 spa d a8484880605 aCO-BoRNBPbspaerdacCO-BoRNBP0 aspa as-ck---04a701.18bW64z2231 aWolfe, Gillianeautor10aZoom... en el arte! : otra forma de mirar el artecGilliam Wolfe ; adaptación Miguel Ángel Mendo aPrimera edición 1aBarcelona, EspañabSerresc2005 a40 páginasbilustraciones a colorc27 cm atextobtxt2rdacontent asin mediaciónbn2rdamedia avolumenbnc2rdacarrier tLook!17aArte2ARMARC17aEstética2ARMARC17aHistoria2ARMARC17aCreación literaria y artistica2ARMARC1 aMendo, Miguel Ángeld1949-eadaptación9176476 2ddccBK c3092d3092